| 000 | 00449 a2200157 4500 | ||
|---|---|---|---|
| 003 | NUST | ||
| 005 | 20230321120439.0 | ||
| 040 | _cNust | ||
| 082 | _a954.0257,IKR | ||
| 100 |
_aIkram, Shaikh Muhammad _9110822 |
||
| 245 |
_aRood e Kausar / رود کوثر (Urdu) / _cShaikh Muhammad Ikram |
||
| 260 |
_aRawalpindi _bGHQ Services Book Club _c2001 |
||
| 300 | _a463 p.; | ||
| 650 |
_aHistory of islamic Hind _9110823 |
||
| 942 |
_2ddc _cBK _k954.0257,IKR |
||
| 999 |
_c188165 _d188165 |
||